[Event "CAN-ch U16"]
[Site "Ottawa"]
[Date "2007.07.04"]
[Round "4"]
[White "Nadeau, Jeremie"]
[Black "Raymer, Evan"]
[Result "0-1"]
[WhiteElo "1579"]
[BlackElo "1935"]
[PlyCount "94"]
[EventDate "2007.07.03"]
[EventType "swiss"]
[EventRounds "7"]
[EventCountry "CAN"]
[SourceTitle "EXT 2022"]
[Source "ChessBase"]
[SourceDate "2021.10.06"]
[SourceVersion "1"]
[SourceVersionDate "2021.10.06"]
[SourceQuality "1"]

1. e4 c5 2. Nf3 d6 3. d4 cxd4 4. Nxd4 Nf6 5. Nc3 a6 6. Bd3 g6 7. Be3 Bg7 8. Qd2 Ng4 9. h3 Nxe3 10. Qxe3 Qb6 11. Nb3 Qxe3+ 12. fxe3 Bxc3+ 13. bxc3 Be6 14. 0-0 Nd7 15. Rab1 b5 16. Na5 Rc8 17. a4 bxa4 18. Bxa6 Ra8 19. Bb5 Rxa5 20. Bxd7+ Kxd7 21. Rb7+ Kc6 22. Rfb1 a3 23. R7b4 a2 24. Ra1 Rb5 25. Rxb5 Kxb5 26. Kf2 Rb8 27. Ke2 Ka4 28. Kd3 Rb1 29. Rxa2+ Bxa2 30. e5 dxe5 31. e4 Rg1 32. c4 Rxg2 33. c5 Kb5 34. h4 Kxc5 35. c4 Bxc4+ 36. Kc3 Rg3+ 37. Kb2 Kb4 38. Kc2 Rg2+ 39. Kd1 Kc3 40. Ke1 Be6 41. Kf1 Ra2 42. Kg1 Kd3 43. h5 gxh5 44. Kh1 Ke3 45. Kg1 Kf3 46. Kh1 Kg3 47. Kg1 Ra1# 0-1

[Event "CAN-ch U12"]
[Site "Kapuskasing"]
[Date "2004.07.08"]
[Round "5"]
[White "Nadeau, Jeremie"]
[Black "Dawson, Jeffery"]
[Result "1-0"]
[WhiteElo "1240"]
[BlackElo "1224"]
[PlyCount "143"]
[EventDate "2004.07.06"]
[EventType "swiss"]
[EventRounds "7"]
[EventCountry "CAN"]
[SourceTitle "EXT 2006"]
[Source "ChessBase"]
[SourceDate "2005.11.24"]
[SourceVersion "1"]
[SourceVersionDate "2005.11.24"]
[SourceQuality "1"]

1. e4 d5 2. exd5 Qxd5 3. Nf3 Nf6 4. Nc3 Qa5 5. d4 Bg4 6. Be2 e6 7. 0-0 Nbd7 8. h3 Bf5 9. Bd2 c6 10. Ne4 Qc7 11. Nxf6+ Nxf6 12. b3 Be7 13. Bd3 Bxd3 14. cxd3 0-0-0 15. Bc3 Nh5 16. Ne5 Rdf8 17. Qxh5 g6 18. Qf3 f5 19. Qe3 h6 20. Nxg6 f4 21. Qf3 Rhg8 22. Nxf8 Bxf8 23. Rfe1 Qf7 24. g3 Be7 25. Kf1 Bd6 26. a3 h5 27. Bb4 Bc7 28. Re4 Qg6 29. Rd1 fxg3 30. fxg3 Bxg3 31. a4 Bf4 32. Rxf4 Qg1+ 33. Ke2 Rg2+ 34. Qxg2 Qxg2+ 35. Rf2 Qxh3 36. Rg1 b6 37. Ba3 Qh4 38. b4 Qxd4 39. Rg8+ Kb7 40. Rf7+ Ka6 41. b5+ cxb5 42. Rgg7 bxa4 43. Rxa7+ Kb5 44. Rg5+ Kc6 45. Rg6 Qe5+ 46. Kd2 h4 47. Re7 Kd5 48. Rd7+ Kc6 49. Rd6+ Qxd6 50. Bxd6 Kxd6 51. Rh6 a3 52. Kc2 b5 53. Rxh4 Kc5 54. Kb3 b4 55. Rxb4 a2 56. Ra4 e5 57. Kxa2 Kd5 58. Kb2 Ke6 59. Re4 Kd5 60. Kc3 Ke6 61. Kc4 Kf5 62. Kd5 Kf6 63. Rxe5 Kg6 64. Ke6 Kg7 65. Rf5 Kg6 66. d4 Kg7 67. Rf6 Kg8 68. Rf7 Kh8 69. Ra7 Kg8 70. Kf6 Kh8 71. Kg6 Kg8 72. Ra8# 1-0